000 01145nam0a2200325 4500
001 RU\NLR\BIBL_A\022693045
005 20260312104306.0
010 _a978-5-17-163719-4
_93000
021 _aRU
_bКН-П-25-066800
_9КН-П-25-6458
035 _a(NLR Aleph) 022693045
090 _a13635519
_c13635519
100 _a20251222d2025 m y0rusy50 ca
101 0 _arus
102 _aRU
105 _aa z 000yy
181 0 _ai
_baxxe
182 0 _an
200 1 _aСекс. То, чего вы еще не пробовали. Практика и ничего более
_fАлиса Фокс
203 _aТекст
_bвизуальный
_cнепосредственный
210 _aМосква
_cАСТ, Кладезь
_d2025
215 _a318 с.
_cил.
_d16
225 1 _aСекреты фантастического секса
333 _a18+
606 1 _aПоловая жизнь
_jПопулярные издания
_xГигиена
_91176600
_3RU\NLR\AUTH\66472905
686 1 _aР702я9
700 1 _aФокс
_bА.
_gАлиса
942 _cBOOK
980 _aNB